000 01161nam a2200277 4500
003 OSt
005 20240201144555.0
008 240122s2015 mx a|||f |||| 001 0 spa d
020 _a9786074412574
040 _erda
_cCHAP
082 0 0 _a378.0150972
_bI39
245 0 0 _aIndicadores para medir la contribución de las instituciones de educación superior a la sustentabilidad /
_cpor Consorcio Mexicano de Programas Ambientales Universitarios para el Desarrollo Sustentable
264 1 _aMéxico :
_bConsorcio Mexicano de Programas Ambientales Universitarios para el Desarrollo Sustentable Complexus,
_c2015.
300 _a198 páginas:
_bIlustraciones
336 _2rdacontent
_atexto
_btxt
337 _2rdamedia
_asin medio
_bn
338 _2rdacarrier
_avolumen
_bnc
505 _gContiene índice y bibliografía
650 4 _932083
_aDesarrollo sustentable
650 4 _9188550
_aEducación superior
_xAspectos ambientales
_zMéxico
650 4 _9188549
_aEducacion ambiental
_xMéxico
710 2 _9188548
_a Consorcio Mexicano de Programas Ambientales Universitarios para el Desarrollo Sustentable
942 _2ddc
942 _2ddc
942 _cLIBRO
999 _c219573
_d219573